Alle Bundesländer-Wappen - Sudden Death - Statistiken

Allgemein
  • Dieses Quiz wurde 139 mal gespielt
  • Das Durchschnittsergebnis liegt bei 11 aus 16
Answers on the Grid
Answers color-coded by a green-red scale on the quiz's grid according to % correct below.
 
Antwortstatistiken
Antwort % Korrekt
Bayern
83%
Berlin
79%
Niedersachsen
78%
Nordrhein-Westfalen
75%
Hamburg
75%
Baden-Württemberg
71%
Sachsen
71%
Thüringen
69%
Sachsen-Anhalt
66%
Hessen
66%
Rheinland-Pfalz
65%
Saarland
63%
Brandenburg
58%
Bremen
56%
Mecklenburg-Vorpommern
52%
Schleswig-Holstein
51%
Keine übereinstimmenden Quizze gefunden
Verteilung der Resultate
Anzahl Personen mit jedem Resultat
Perzentil nach korrekt beantworteten Fragen
Ihre Resultats-Entwicklung
Sie haben dieses Quiz noch nicht gespielt